LEADER 01207cam0 22002893 450 001 SOB006554 005 20241108150000.0 010 $a8814084777 100 $a20000101d2001 |||||ita|0103 ba 101 $aita 102 $aIT 200 1 $a<>riforma delle politiche agrarie dell'Unione Europea$eAtti del Convegno dell'Università. Laboratorio "Ghino Valenti", Macerata 18 giugno 1999$fa cura di Francesco Adornato 210 $aMilano$cGiuffrè$d2001 215 $aXLII,154 p.$d24 cm 225 2 $aUniversità di Macerata$epubblicazioni della Facoltà di Scienze politiche$v11 300 $aAtti Convegno dell'Università. Macerata, 1999 410 1$1001LAEC00016201$12001 $a*Università di Macerata : pubblicazioni della Facoltà di Scienze politiche$v11 702 1$aADORNATO, Francesco$3AF00017928$4070 801 0$aIT$bUNISOB$c20241108$gRICA 850 $aUNISOB 852 $aUNISOB$j320$m106549 912 $aSOB006554 940 $aM 102 Monografia moderna SBN 941 $aM 957 $a320$b002003$gSI$d106549$rACQUISTO$1carrano$2UNISOB$3UNISOB$420130222101641.0$520130222101720.0$6carrano 996 $aRiforma delle politiche agrarie dell'Unione europea$9671836 997 $aUNISOB